000 01213nam a2200337 a 4500
001 81414
003 BD-RjUL
005 20231206152002.0
008 160708s2018 maua b 001 0 eng
020 _a9781337109642 (Student Edition)
020 _a1337109649 (Student Edition)
020 _z9781337116176 (Loose-leaf Edition)
035 _a(BD-RjUL)81414
040 _aDLC
_beng
_cDLC
_erda
_dDLC
_dBD-RjUL
041 _aeng
082 _223
_a306
_bFEC 2018
100 1 _aFerraro, Gary P.,
_eauthor.
_97563
245 1 0 _aCultural anthropology :
_ban applied perspective /
_cGary Ferraro, University of North Carolina-Charlotte, Susan Andreatta, University of North Carolina-Greensboro.
250 _aEleventh Edition.
264 1 _aBoston, Massachusetts :
_bCengage Learning,
_c2018.
300 _axxv, 451 pages :
_bcolor illustrations ;
_c28 cm
336 _atext
_btxt
_2rdacontent
337 _aunmediated
_bn
_2rdamedia
338 _avolume
_bnc
_2rdacarrier
504 _aIncludes bibliographical references (pages 423-436) and index.
650 0 _aEthnology.
650 0 _aApplied anthropology.
_97564
700 1 _aAndreatta, Susan.
_eauthor.
_97565
942 _2ddc
_cBK
999 _c81414
_d81414